000 00211nam a2200109Ia 4500
100 _a#N/A
942 _cBK
654 _aJAVA 6
245 _aJAVA 6 andJ2EE 1.5 ; BLACK BOOK
260 _b#N/A
546 _aENGLISH
999 _c27170
_d27170